Vliv fiskální politiky na ekonomický růst v zemích OECD

Vplyv jednotlivých typov vládnych výdavkov a daní na ekonomický rast vo vyspelých krajinách. Analýza bola realizovaná na vzorke 27 členských krajín OECD za obdobie 1997-2011.

Salvato in:
Dettagli Bibliografici
Autore principale: Drobiszová, Agata
Altri autori: Machová, Zuzana
Natura: Capitolo di libro
Lingua:ceco
Soggetti:
Tags: Aggiungi Tag
Nessun Tag, puoi essere il primo ad aggiungerne!!

MARC

LEADER 00000naa a2200000 4500
001 0205430
005 20231207125930.7
041 0 |a cze 
044 |a CZ 
245 1 0 |a Vliv fiskální politiky na ekonomický růst v zemích OECD  |c Agata Drobiszová, Zuzana Machová 
520 |a Vplyv jednotlivých typov vládnych výdavkov a daní na ekonomický rast vo vyspelých krajinách. Analýza bola realizovaná na vzorke 27 členských krajín OECD za obdobie 1997-2011. 
610 2 0 |a OECD 
610 2 0 |a politika fiškálna 
610 2 0 |a rast hospodársky 
610 2 0 |a výdavky 
610 2 0 |a dane 
610 2 0 |a vláda 
100 1 |a Drobiszová, Agata 
700 1 |a Machová, Zuzana